000 00822nam a2200217Ia 4500
003 IN-BaIIA
008 211028s9999 xx 000 0 eng d
020 _a0-7923-7145-3
040 _cIIA Library
111 _aTorun Workshop Post - AGB Objects as a Phase of Stellar Evolution
_cTorun, Poland
_d2000 July 5-7
_925838
245 0 _aPost - AGB objects as a phase of stellar evolution
_bproceedings of the Torun workshop, Torun, Poland, July 5-7, 2000
_cedited by R. Szczerba and S. K. Gorny
260 _aDordrecht
_bKluwer Academic
_c2001
300 _axxi, 448p.
490 _aAstrophysics and space science library; v. 265
650 _aAtmomic gas
_925839
650 _aSpectroscopy
_91535
650 _aStellar evolution
700 _aGorny, S. K., ed.
_925840
700 _aSzczerba, R., ed.
_925841
942 _cBK
999 _c14541
_d14541